=LDR 00000nam 2200000 4500 =001 INLIS000000000041156 =005 20170117125246.0 =006 =007 =008 ind =035 ##$$0010-061300000041156 =041 ##$$a ind =082 ##$$a 398.2 =090 ##$$a 398.2, Col d =100 ##$$a COLBERT, David =245 ##$$a Dunia ajaib the lord of the rings, Mitos mitos,legenda-legenda dan fakta-fakta menakjubkan balik karya masterpiece ini, David colbert;Alih bahasa, Tanti lesmana =260 ##$$a 2006 $b Jakarta =300 ##$$a 193 Hlm, Ilus, 25 cm =650 ##$$a DONGENG =700 ##$$a LESMANA, Tanti =850 ##$$a NBPNMAT